Statistics for County Seats Of New Mexico

Click here to take the quiz!

General Stats

  • This quiz has been taken 27 times
  • The average score is 21 of 33

Answer Stats

CountySeat% Correct
BernalilloAlbuquerque
100%
EddyCarlsbad
100%
_____ __Santa Fe
100%
Doña AnaLas Cruces
91%
____Taos
91%
LunaDeming
82%
McKinleyGallup
82%
San MiguelLas Vegas
82%
___ ______Los Alamos
82%
ChavesRoswell
82%
SierraTruth or Consequences
82%
OteroAlamogordo
73%
CurryClovis
73%
RooseveltPortales
73%
ColfaxRaton
73%
GrantSilver City
73%
San JuanAztec
64%
CibolaGrants
64%
ValenciaLos Lunas
64%
GuadalupeSanta Rosa
64%
_______Socorro
64%
QuayTucumcari
64%
SandovalBernalillo
55%
LeaLovington
55%
LincolnCarrizozo
45%
UnionClayton
45%
HidalgoLordsburg
45%
____Mora
36%
TorranceEstancia
27%
CatronReserve
27%
Rio ArribaTierra Amarilla
27%
De BacaFort Sumner
18%
HardingMosquero
18%

Score Distribution

Percentile by Number Answered

Percent of People with Each Score

Your Score History

You have not taken this quiz